<?xml version="1.0" encoding="UTF-8"?><?xml-stylesheet type="text/xsl" href="static/style.xsl"?><OAI-PMH xmlns="http://www.openarchives.org/OAI/2.0/" xmlns:xsi="http://www.w3.org/2001/XMLSchema-instance" xsi:schemaLocation="http://www.openarchives.org/OAI/2.0/ http://www.openarchives.org/OAI/2.0/OAI-PMH.xsd"><responseDate>2026-06-02T17:22:29Z</responseDate><request verb="GetRecord" identifier="oai:riuma.uma.es:10630/16561" metadataPrefix="marc">https://riuma.uma.es/rest/oai/request</request><GetRecord><record><header><identifier>oai:riuma.uma.es:10630/16561</identifier><datestamp>2026-02-03T12:03:17Z</datestamp><setSpec>com_10630_2254</setSpec><setSpec>col_10630_37959</setSpec></header><metadata><record xmlns="http://www.loc.gov/MARC21/slim" xmlns:dcterms="http://purl.org/dc/terms/" xmlns:doc="http://www.lyncode.com/xoai" xmlns:xsi="http://www.w3.org/2001/XMLSchema-instance" xsi:schemaLocation="http://www.loc.gov/MARC21/slim http://www.loc.gov/standards/marcxml/schema/MARC21slim.xsd">
   <leader>00925njm 22002777a 4500</leader>
   <datafield ind2=" " ind1=" " tag="042">
      <subfield code="a">dc</subfield>
   </datafield>
   <datafield ind2=" " ind1=" " tag="720">
      <subfield code="a">Zumaquero-Gil, Laura</subfield>
      <subfield code="e">author</subfield>
   </datafield>
   <datafield ind2=" " ind1=" " tag="260">
      <subfield code="c">2018-10-02</subfield>
   </datafield>
   <datafield ind2=" " ind1=" " tag="520">
      <subfield code="a">Cuando se habla de competitividad por los expertos, se hace referencia a un fenómeno multifactorial que va cambiando a lo largo del tiempo y del contexto objeto de medición. Durante muchos años, este término se ha asociado a factores estrictamente econocimicistas, tales como el aumento de la eficiencia, el incremento de la productividad, la reducción de costes o la capacidad de competencia de un país. No obstante, a medida que hemos ido avanzando, estos términos comienzan a mezclarse cada vez más con otros no tan económicos, como puedan ser la conciencia ambiental o la evitación del llamado despoblamiento rural, tratando de lograr un equilibrio entre lo económico y lo social. Ciertamente, la mejora de la competitividad de la agricultura, y del sector agrario en general, no es una preocupación reciente, ni tampoco un propósito exclusivo de unos pocos países. Se trata de un desafío a nivel mundial, que requiere de la adopción de estrategias y políticas integrales que permitan alcanzar tal objetivo. &#xd;
En el caso de España, son numerosas las estrategias utilizadas por el legislador para favorecer la competitividad. En cumplimiento de la normativa comunitaria, se han elaborado diferentes planes o programas de actuación para el desarrollo del sector. Si nos centramos en concreto en las distintas formas de acceso a la tierra y, en especial, en el régimen de arrendamientos rústicos, el legislador español se ha preocupado de mejorar la viabilidad de las explotaciones agrarias y su competitividad, potenciando una mejora estructural a partir de la movilidad de la tierra.</subfield>
   </datafield>
   <datafield ind1="8" ind2=" " tag="024">
      <subfield code="a">https://hdl.handle.net/10630/16561</subfield>
   </datafield>
   <datafield tag="653" ind2=" " ind1=" ">
      <subfield code="a">Arrendamiento rústico</subfield>
   </datafield>
   <datafield tag="653" ind2=" " ind1=" ">
      <subfield code="a">Competencia económica</subfield>
   </datafield>
   <datafield ind2="0" ind1="0" tag="245">
      <subfield code="a">Nuevos retos en materia de arrendamientos rústicos</subfield>
   </datafield>
</record>
</metadata></record></GetRecord></OAI-PMH>